000 00711nam a22002297a 4500
005 20170124110124.0
010 _a991989
020 _c00.00
035 _a991989
037 _bCen Lib/Ret
040 _aDPL
_bEN
082 _a921
_bCHU
100 _aChurchill, Winston S.
_931141
245 _aMy early life /
_cby Winston Churchill; edited by Andrew Scotland
260 _aLondon
_bOdhams Press
_c1960
270 _aLong Acre
300 _ax,280p. :
_c18cm(Hb)
_bill.
650 _aChurchill, Winston, -- 1874-1965 -- Childhood and youth
_931142
650 _aPrime ministers -- Great Britain -- Biography
_931143
700 _aScotland, Andrew
_931144
942 _2ddc
_cEN
_h921
_mCHU
999 _c131202
_d131202